Marijuana on my mind (Record no. 4661)

MARC details
000 -CABECERA
campo de control de longitud fija 02653cam a2200313 i 4500
001 - NÚMERO DE CONTROL
campo de control a40229717
003 - IDENTIFICADOR DEL NÚMERO DE CONTROL
campo de control SIRSI
005 - FECHA Y HORA DE LA ÚLTIMA TRANSACCIÓN
campo de control 20250514093828.0
008 - DATOS DE LONGITUD FIJA--INFORMACIÓN GENERAL
campo de control de longitud fija 211012t20222022enkad b 001 0 eng d
020 ## - NÚMERO INTERNACIONAL ESTÁNDAR DEL LIBRO
Número Internacional Estándar del Libro 9781009010894
035 ## - NÚMERO DE CONTROL DEL SISTEMA
Número de control de sistema (OCoLC)1274199318
Número de control cancelado/no válido (OCoLC)1275357070
040 ## - FUENTE DE LA CATALOGACIÓN
Centro catalogador/agencia de origen YDX
Lengua de catalogación eng
Normas de descripción rda
Centro/agencia transcriptor YDX
Centro/agencia modificador UKMGB
-- OCLCO
-- OCLCF
-- S#L
-- ZPX
-- CDX
-- BDX
-- OCL
-- HF9
-- Z83
-- GSU
-- UtOrBLW
041 ## - CÓDIGO DE LENGUA
Código de lengua del texto/banda sonora o título independiente eng
050 #4 - SIGNATURA TOPOGRÁFICA DE LA BIBLIOTECA DEL CONGRESO
Número de clasificación RM666.C266
Número de documento/Ítem C47 2022
100 ## - ENTRADA PRINCIPAL--NOMBRE DE PERSONA
Nombre de persona Cermak, Timmen L.
Término indicativo de función/relación author
9 (RLIN) 25226
245 10 - MENCIÓN DE TÍTULO
Título Marijuana on my mind
Resto del título : the science and mystique of cannabis
Mención de responsabilidad, etc. / Timmen L. Cermak, MD.
260 ## - PUBLICACIÓN, DISTRIBUCIÓN, ETC.
Lugar de publicación, distribución, etc. Cambridge :
Nombre del editor, distribuidor, etc. Cambridge University Press,
Fecha de publicación, distribución, etc. 2022.
300 ## - DESCRIPCIÓN FÍSICA
Extensión xvii, 322 pages :
Otras características físicas illustrations, charts ;
Dimensiones 20 cm.
504 ## - NOTA DE BIBLIOGRAFÍA, ETC.
Nota de bibliografía, etc. Includes bibliographical references (pages 308-312) and index.
505 0# - NOTA DE CONTENIDO CON FORMATO
Nota de contenido con formato The science and mystique of cannabis — The plant, its history, and its products — The brain and its natural cannabinoid chemistry — The plant's impact on the brain and experience — Putting cannabis in perspective — Cannabis culture and spirituality — Medical cannabis, part I: cannabinoids with strong scientific evidence — Medical cannabis, part II: cannabinoids with preliminary scientific evidence — Medical cannabis, part III: CBD facts, fads, and possibilities — When cannabinoid receptors disappear — When addiction hijacks the brain's reward system — Adolescents and cannabis — Further consequences of using cannabis too frequently — Treatment and recovery — Public health and politics — Epilogue: The future of cannabis.
520 ## - SUMARIO, ETC.
Sumario, etc. Marijuana is on everyone's mind. Why do so many people enjoy it? What is it doing in our brains? Is it safe for everyone to use? What should we be telling our children? What are the benefits of medical marijuana? How does CBD live up to its hype? Does marijuana have spiritual power? And with so much conflicting information out there, how do we begin to make up our own minds about cannabis? Marijuana On My Mind is for anyone who has ever experienced the mystique of cannabis or wondered exactly how cannabis works. With over 40 years of clinical experience, Dr Timmen Cermak uses science to make sense of the endless debate between advocates and opponents of cannabis and provides answers to some of the greatest mysteries surrounding marijuana.
650 #0 - PUNTO DE ACCESO ADICIONAL DE MATERIA--TÉRMINO DE MATERIA
Término de materia o nombre geográfico como elemento de entrada Marijuana
9 (RLIN) 25227
650 #0 - PUNTO DE ACCESO ADICIONAL DE MATERIA--TÉRMINO DE MATERIA
Término de materia o nombre geográfico como elemento de entrada Marijuana
Subdivisión general Therapeutic use
9 (RLIN) 25228
650 #0 - PUNTO DE ACCESO ADICIONAL DE MATERIA--TÉRMINO DE MATERIA
Término de materia o nombre geográfico como elemento de entrada Marijuana
Subdivisión general Psychological aspects
9 (RLIN) 25229
650 #0 - PUNTO DE ACCESO ADICIONAL DE MATERIA--TÉRMINO DE MATERIA
Término de materia o nombre geográfico como elemento de entrada Marijuana
Subdivisión general Physiological effect
9 (RLIN) 25230
650 #0 - PUNTO DE ACCESO ADICIONAL DE MATERIA--TÉRMINO DE MATERIA
Término de materia o nombre geográfico como elemento de entrada Marijuana
Subdivisión general Social aspects
9 (RLIN) 25231
650 #0 - PUNTO DE ACCESO ADICIONAL DE MATERIA--TÉRMINO DE MATERIA
Término de materia o nombre geográfico como elemento de entrada Cannabis
Número de control del registro de autoridad o número normalizado https://id.nlm.nih.gov/mesh/D002188
9 (RLIN) 25232
942 ## - ELEMENTOS DE ENTRADA AGREGADA (KOHA)
Fuente del sistema de clasificación o colocación Clasificación de Library of Congress
Holdings
Estado de retiro Estado de pérdida Fuente del sistema de clasificación o colocación Estado dañado No para préstamo Biblioteca de origen Biblioteca actual Fecha de adquisición Total de préstamos Signatura topográfica completa Código de barras Fecha visto por última vez Número de copia Precio válido a partir de Tipo de ítem Koha
    Clasificación de Library of Congress     TBS Barcelona TBS Barcelona 14/05/2025   RM666.C266 CER B05748 14/05/2025 1 14/05/2025 Book

Powered by Koha